[Event "Druzynowe Mistrzostwa Polski Juniorow 2018 - II Liga"]
[Site "Szczyrk"]
[Date "1899-12-30"]
[Round "1.23"]
[White "Pyzio, Amelia"]
[Black "Filipska, Maja"]
[Result "1-0"]
[WhiteTitle "I++"]
[BlackTitle "I++"]
[WhiteElo "1679"]
[BlackElo "1569"]

1. e4 d6 2. d4 Nf6 3. Nc3 g6 4. Be2 Bg7 5. Be3 c6 6. a4 Nbd7 7. h3 O-O 8. Nf3 Qc7
9. O-O e5 10. Re1 Re8 11. Bf1 b6 12. Bg5 Bb7 13. Qd2 a6 14. dxe5 dxe5 15. Rad1
Bf8 16. Bc4 b5 17. Ba2 b4 18. Ne2 Qb6 19. Ng3 Rad8 20. Qe2 Qc7 21. Qc4 Nb6 22.
Qb3 Rxd1 23. Rxd1 Kg7 24. Nh4 Bc8 25. a5 Na8 26. Qf3 Ng8 27. Nf1 f6 28. Bc1 Qxa5
29. Bxg8 Kxg8 30. Qxf6 Qc7 31. Nxg6 Bg7 32. Qg5 hxg6 33. Qxg6 Re6 34. Qg5 Re7
35. Ng3 Nb6 36. Nh5 Kf8 37. Rd3 Be6 38. Rf3+ Ke8 39. Qg6+ Kd8 40. Nxg7 Rxg7 41.
Qxe6 Qd7 42. Rd3 1-0

[Event "Druzynowe Mistrzostwa Polski Juniorow 2018 - II Liga"]
[Site "Szczyrk"]
[Date "1899-12-30"]
[Round "1.24"]
[White "Skolska, Emilia"]
[Black "Mucha, Marta"]
[Result "1-0"]
[WhiteTitle "I"]
[BlackTitle "I+"]
[WhiteElo "1157"]
[BlackElo "1432"]

1. e4 d5 2. exd5 Qxd5 3. Nc3 Qd6 4. d4 Nf6 5. Bc4 c6 6. Nge2 Bf5 7. O-O e6 8. Be3
Be7 9. Qd2 O-O 10. f3 Nd5 11. Ne4 Qd8 12. Bb3 Nxe3 13. Qxe3 Nd7 14. Rad1 Nf6 15.
N2g3 Bg6 16. c3 Nd5 17. Qe2 Bd6 18. Nxd6 Qxd6 19. Ne4 Qc7 20. c4 Ne7 21. d5 exd5
22. cxd5 Nxd5 23. Bxd5 cxd5 24. Rxd5 Qb6+ 25. Kh1 Rfe8 26. Qf2 Bxe4 27. fxe4 Qxf2
28. Rxf2 Rxe4 29. g3 f6 30. Rd7 b6 31. Rc2 Kf8 32. Rcc7 Rg4 33. Rf7+ Kg8 34. Rxa7
Rxa7 35. Rxa7 Rd4 36. b3 Kf8 37. Kg1 Rb4 38. Kf2 Rb5 39. Ke3 Ra5 40. Rxa5 bxa5
41. Kd4 f5 42. Ke5 g6 43. a3 Ke7 44. h4 Kf7 45. b4 axb4 46. axb4 Ke7 47. h5 Kd7
48. hxg6 hxg6 49. Kf6 Kc6 50. Kxg6 Kb5 51. Kxf5 Kxb4 52. g4 Kc5 53. g5 1-0

[Event "Druzynowe Mistrzostwa Polski Juniorow 2018 - II Liga"]
[Site "Szczyrk"]
[Date "1899-12-30"]
[Round "1.26"]
[White "Jordan, Adam"]
[Black "Radecki, Adam"]
[Result "0-1"]
[WhiteTitle "I"]
[BlackTitle "I"]
[WhiteElo "1830"]
[BlackElo "1702"]

1. d4 Nf6 2. Nf3 g6 3. c4 Bg7 4. Nc3 d5 5. Qb3 dxc4 6. Qxc4 Be6 7. Qb5+ Bd7 8.
Qb3 c5 9. e3 Nc6 10. d5 Na5 11. Qc2 O-O 12. Be2 e6 13. dxe6 Bxe6 14. O-O Qe7 15.
Re1 Rfd8 16. Bd2 Nc6 17. Rad1 Nb4 18. Qa4 a6 19. Bc1 b5 20. Qa5 Nfd5 21. Nxd5
Bxd5 22. Rd2 Bxa2 23. Rxd8+ Qxd8 24. Qa3 Be6 25. Rd1 Qb6 26. Bd2 Nc6 27. e4 b4
28. Qa1 Nd4 29. Nxd4 Bxd4 30. Qc1 a5 31. Be3 Bxe3 32. Qxe3 a4 33. Rc1 a3 34. bxa3
bxa3 35. Ra1 Qb2 36. Qc1 Qxe2 0-1

[Event "Druzynowe Mistrzostwa Polski Juniorow 2018 - II Liga"]
[Site "Szczyrk"]
[Date "1899-12-30"]
[Round "1.27"]
[White "Piechota, Kamil"]
[Black "Kozlowski, Michal"]
[Result "0-1"]
[WhiteTitle "II"]
[BlackTitle "I"]
[WhiteElo "1521"]
[BlackElo "1742"]

1. e4 c5 2. c3 d5 3. exd5 Qxd5 4. d4 Nc6 5. Nf3 Bg4 6. Be2 cxd4 7. cxd4 e6 8. O-O
Nf6 9. Nc3 Qd8 10. h3 Bh5 11. Be3 Bd6 12. Qb3 Rb8 13. a3 O-O 14. Rfd1 Nd5 15.
Nxd5 exd5 16. Kh1 Bc7 17. Rac1 Qd6 18. g4 Bg6 19. Bd3 Be4 20. Bxe4 dxe4 21. Ne5
Nxe5 22. Bf4 Qf6 23. Rxc7 Nd3 24. Bg3 Nxf2+ 25. Bxf2 Qxf2 26. Rc2 Qf4 27. Re2
Rfe8 28. Rde1 h5 29. gxh5 Kh7 30. Qe3 Qxe3 31. Rxe3 f5 32. Kg2 Kh6 33. Rf1 Rf8
34. Rc3 Kxh5 35. Kg3 g5 36. Rc7 Rbd8 37. Rd1 Rf6 38. Kf2 Rb6 39. b4 a5 40. Rc4
axb4 41. axb4 Ra6 42. Rd2 Ra3 43. Kg2 f4 44. d5 e3 45. Re2 Rxd5 46. Kf3 Rd1 47.
h4 Rf1+ 48. Kg2 Raa1 49. hxg5 f3+ 0-1

[Event "Druzynowe Mistrzostwa Polski Juniorow 2018 - II Liga"]
[Site "Szczyrk"]
[Date "1899-12-30"]
[Round "1.28"]
[White "Strepikowski, Pawel"]
[Black "Kubik, Rafal"]
[Result "1-0"]
[WhiteTitle "II"]
[BlackTitle "III"]
[WhiteElo "1487"]
[BlackElo "1199"]

1. e4 e5 2. Nf3 Nf6 3. Nxe5 d6 4. Nf3 Nxe4 5. Qe2 Qe7 6. d3 Nf6 7. Be3 Nc6 8. Nc3
Be6 9. g3 g6 10. Bg2 Bg7 11. Nd4 Nxd4 12. Bxd4 c6 13. O-O O-O 14. Rfe1 Qd7 15.
a4 Rfe8 16. Qd2 Bh3 17. a5 Bxg2 18. Kxg2 c5 19. Be3 Qc6+ 20. f3 Nd5 21. Nxd5 Qxd5
22. c4 Qe5 23. Rab1 Qf6 24. b4 b6 25. Rb3 Re6 26. Bg5 Qd4 27. Rxe6 fxe6 28. bxc5
bxc5 29. Rb7 Qc3 30. Qxc3 Bxc3 31. a6 d5 32. cxd5 exd5 33. Rc7 Bb4 34. Be7 d4
35. Bxc5 Bxc5 36. Rxc5 Re8 37. Rc7 Re3 38. Rxa7 Rxd3 39. Rd7 Ra3 40. a7 1-0

[Event "Druzynowe Mistrzostwa Polski Juniorow 2018 - II Liga"]
[Site "Szczyrk"]
[Date "1899-12-30"]
[Round "1.29"]
[White "Obrochta, Lena"]
[Black "Daliga, Anita"]
[Result "1-0"]
[WhiteTitle "I"]
[BlackTitle "I+"]
[WhiteElo "1422"]
[BlackElo "1605"]

1. e4 c6 2. d4 d5 3. Nc3 dxe4 4. Nxe4 Bf5 5. Ng3 Bg6 6. h4 h6 7. f4 e6 8. Nf3 Nd7
9. h5 Bh7 10. Bd3 Bxd3 11. Qxd3 Qc7 12. Bd2 O-O-O 13. Qe2 Ne7 14. Ne5 Nxe5 15.
dxe5 Nd5 16. O-O-O Bc5 17. Ne4 Qb6 18. Nxc5 Qxc5 19. a3 Rhg8 20. g4 Qe7 21. Qe4
f6 22. Rde1 Rde8 23. c4 Nc7 24. Bc3 Qf7 25. Rhf1 f5 26. gxf5 Qxf5 27. Qxf5 exf5
28. Rg1 Re6 29. Bd2 b6 30. Re2 Re7 31. Rg6 Ne6 32. Be3 Rd8 33. Rd2 Rxd2 34. Kxd2
Kc7 35. b4 Nf8 36. Rg2 g6 37. Rh2 Re6 38. hxg6 Rxg6 39. Rh5 Rg2+ 40. Kd3 Ra2 41.
Rxf5 Rxa3+ 42. Ke4 Ne6 43. Rf6 Kd7 44. f5 Nd8 45. e6+ Ke7 46. Rxh6 Rc3 47. Bg5+
1-0

[Event "Druzynowe Mistrzostwa Polski Juniorow 2018 - II Liga"]
[Site "Szczyrk"]
[Date "1899-12-30"]
[Round "1.30"]
[White "Filipiak, Magdalena"]
[Black "Czerwinska, Oliwia"]
[Result "0-1"]
[WhiteTitle "I"]
[BlackTitle "I"]
[WhiteElo "1231"]
[BlackElo "1245"]

1. d4 d5 2. c4 Nf6 3. Nc3 c6 4. Nf3 Bg4 5. e3 e6 6. Bd3 Nbd7 7. h3 Bh5 8. O-O Be7
9. e4 dxe4 10. Nxe4 Nxe4 11. Bxe4 Nf6 12. Bc2 Bxf3 13. Qxf3 Qxd4 14. Qg3 Bf8 15.
Qc7 Qd7 16. Qxd7+ Nxd7 17. Bf4 O-O-O 18. Rfd1 e5 19. Be3 b6 20. Ba4 Kb7 21. Rd2
Bc5 22. Rad1 Kc7 23. Bxc5 bxc5 24. Rd6 Nb8 25. Rxd8 Rxd8 26. Rxd8 Kxd8 27. Kf1
Kd7 28. Ke2 Kd6 29. Ke3 Na6 30. a3 Nc7 31. Bc2 g6 32. Be4 f5 33. Bc2 h5 34. f3
h4 35. Kf2 Ne6 36. g4 hxg3+ 37. Kxg3 Nd4 38. Bd3 g5 39. a4 Kc7 40. a5 Kb7 41.
Kf2 Ka6 42. Ke3 Kxa5 43. Be2 Kb4 44. Kd2 Nxe2 45. Kxe2 Kxc4 46. Ke3 a5 47. Kd2
Kb3 0-1

[Event "Druzynowe Mistrzostwa Polski Juniorow 2018 - II Liga"]
[Site "Szczyrk"]
[Date "1899-12-30"]
[Round "1.31"]
[White "Kupiecki, Szymon"]
[Black "Majek, Kacper"]
[Result "0-1"]
[WhiteTitle "I"]
[BlackTitle "I++"]
[WhiteElo "1644"]
[BlackElo "2088"]

1. e4 e5 2. Nf3 Nc6 3. Bb5 a6 4. Ba4 Nf6 5. d4 exd4 6. O-O Be7 7. Re1 O-O 8. e5
Nd5 9. Nxd4 Nb6 10. Nxc6 dxc6 11. Bb3 Qxd1 12. Rxd1 Bg4 13. Re1 Rad8 14. Bf4 Nd5
15. Bg3 h5 16. f3 h4 17. Bf2 Bf5 18. Nd2 Bxc2 19. Bxc2 Nb4 20. Bb3 Rxd2 21. e6
Nd5 22. exf7+ Rxf7 23. Re4 h3 24. gxh3 Rxf3 25. Be3 Rxe3 26. Rxe3 Bc5 27. Re1
Rd3 0-1

[Event "Druzynowe Mistrzostwa Polski Juniorow 2018 - II Liga"]
[Site "Szczyrk"]
[Date "1899-12-30"]
[Round "1.32"]
[White "Derylo, Kamil"]
[Black "Niedbala, Bartlomiej"]
[Result "1-0"]
[WhiteTitle "I"]
[BlackTitle "I++"]
[WhiteElo "1755"]
[BlackElo "2001"]

1. e4 c5 2. Nf3 Nc6 3. Bb5 g6 4. Bxc6 bxc6 5. d3 Bg7 6. O-O e5 7. Be3 d6 8. h3
f5 9. exf5 gxf5 10. Bg5 Nf6 11. Nbd2 O-O 12. Re1 Qc7 13. Nb3 Be6 14. Nfd2 Nd7
15. f4 Rae8 16. Qh5 Bxb3 17. axb3 Re6 18. Nc4 e4 19. dxe4 fxe4 20. Qg4 Ree8 21.
f5 h5 22. Qg3 Rxf5 23. Qxd6 Qc8 24. Qg3 Re6 25. Nd6 Rxd6 26. Qxd6 Rxg5 27. Rxa7
Ne5 28. Rf1 e3 29. Rxg7+ Rxg7 30. Qxe5 e2 31. Qxe2 Qxh3 32. Qe8+ Kh7 33. Qe4+
Kg8 34. Qxc6 Qe3+ 35. Kh1 Qe5 36. Qa8+ Kh7 37. Qf3 Qxb2 38. Qxh5+ Kg8 39. Re1
Rh7 40. Re8+ Kg7 41. Re7+ Kf6 42. Rxh7 Qc1+ 43. Kh2 Qf4+ 44. Kh3 1-0

[Event "Druzynowe Mistrzostwa Polski Juniorow 2018 - II Liga"]
[Site "Szczyrk"]
[Date "1899-12-30"]
[Round "1.33"]
[White "Lichorad, Mateusz"]
[Black "Zhydachevskyy, Yulian"]
[Result "1-0"]
[WhiteTitle "I"]
[BlackTitle "II"]
[WhiteElo "1770"]
[BlackElo "1376"]

1. e4 e5 2. Nf3 Nc6 3. Bc4 Bc5 4. d3 Nf6 5. O-O O-O 6. c3 a5 7. Be3 Bxe3 8. fxe3
d5 9. exd5 Nxd5 10. Qe2 Bg4 11. Nbd2 Re8 12. Rae1 Rb8 13. a4 Nb6 14. Bxf7+ Kxf7
15. Nxe5+ Kg8 16. Nxg4 Nxa4 17. Ne4 Ne5 18. Nxe5 Rxe5 19. Qc2 Nb6 20. d4 Re7 21.
Ng5 g6 22. e4 Nc4 23. Qe2 Nd6 24. e5 Nf5 25. Qc4+ Kg7 26. Ne6+ Rxe6 27. Qxe6 Qe8
28. Qf6+ Kg8 29. Rxf5 gxf5 30. Re3 h6 31. Rg3+ Kh7 32. Qg7# 1-0

[Event "Druzynowe Mistrzostwa Polski Juniorow 2018 - II Liga"]
[Site "Szczyrk"]
[Date "1899-12-30"]
[Round "1.34"]
[White "Derylo, Maksymilian"]
[Black "Chmiel, Pawel"]
[Result "1-0"]
[WhiteTitle "II"]
[BlackTitle "II"]
[WhiteElo "1199"]
[BlackElo "1256"]

1. e4 e5 2. Nf3 Nc6 3. d4 exd4 4. Nxd4 Bc5 5. Nb3 Bb6 6. Nc3 Nf6 7. Qe2 O-O 8.
Be3 Bxe3 9. Qxe3 Re8 10. f3 d6 11. Bc4 Ne5 12. Be2 h6 13. O-O-O a5 14. g4 Nexg4
15. fxg4 Nxg4 16. Qg3 a4 17. Nd2 Ne5 18. Rhg1 g6 19. a3 Kh7 20. Kb1 Rg8 21. Nf3
Nxf3 22. Qxf3 Qe7 23. Bc4 Be6 24. Bxe6 fxe6 25. e5 d5 26. Qd3 c6 27. Rdf1 Qc5
28. Rxg6 Rgf8 29. Rxe6+ Kg8 30. Qg6+ 1-0

[Event "Druzynowe Mistrzostwa Polski Juniorow 2018 - II Liga"]
[Site "Szczyrk"]
[Date "1899-12-30"]
[Round "1.35"]
[White "Kulpa, Zuzanna"]
[Black "Laszczuk, Zuzanna"]
[Result "1-0"]
[WhiteTitle "I++"]
[BlackTitle "I"]
[WhiteElo "1818"]
[BlackElo "1355"]

1. d4 d5 2. c4 c6 3. Nf3 Nf6 4. Nc3 Nbd7 5. e3 e6 6. Qc2 Be7 7. Bd3 h6 8. O-O O-O
9. b3 b6 10. Bb2 Bb7 11. Rac1 Rc8 12. Rfd1 c5 13. Qe2 Ne8 14. cxd5 exd5 15. dxc5
bxc5 16. Bf5 Nef6 17. Na4 c4 18. bxc4 Qa5 19. Bxf6 Bxf6 20. Bxd7 Rcd8 21. Qd2
Qxd2 22. Rxd2 Rxd7 23. Nc5 Rc7 24. Nxb7 Rxb7 25. cxd5 Rfb8 26. Kf1 Rb2 27. Rcc2
Rb1+ 28. Ke2 Kf8 29. Rc4 R1b2 30. e4 Rxd2+ 31. Kxd2 Rb2+ 32. Rc2 Rb4 33. Rc8+
Ke7 34. e5 Bg5+ 35. Kd3 Rb7 36. Nxg5 hxg5 37. d6+ Kd7 38. Rf8 Ke6 39. Re8+ Kd7
40. Re7+ Kc8 41. Rxb7 Kxb7 42. Ke4 Kc8 43. Kf5 Kd7 44. Kxg5 Ke6 45. f4 a5 46.
g4 a4 47. f5+ Kd7 48. Kf4 f6 49. Ke4 fxe5 50. Kxe5 a3 51. g5 1-0

[Event "Druzynowe Mistrzostwa Polski Juniorow 2018 - II Liga"]
[Site "Szczyrk"]
[Date "1899-12-30"]
[Round "1.36"]
[White "Salamon, Julia"]
[Black "Kulpa, Karolina"]
[Result "1/2-1/2"]
[WhiteTitle "I"]
[BlackTitle "I"]
[WhiteElo "1098"]
[BlackElo "1323"]

1. d4 Nf6 2. c4 g6 3. Nc3 Bg7 4. e4 d6 5. h3 Nbd7 6. Nf3 O-O 7. Be2 e5 8. d5 Nc5
9. Qc2 a5 10. Bg5 h6 11. Be3 Nfd7 12. O-O f5 13. exf5 gxf5 14. Qc1 f4 15. Bxc5
Nxc5 16. Qc2 Bf5 17. Qd1 e4 18. Nd4 f3 19. Nxf5 fxe2 20. Nxh6+ Bxh6 21. Qxe2 Qe7
22. Rae1 Rae8 23. Qg4+ Kh7 24. Qe2 e3 25. Qc2+ Kg7 26. Kh1 Qh4 27. Nd1 exf2 28.
Rxe8 Rxe8 29. Qc3+ Kg8 30. Nxf2 Rf8 31. g3 Qe7 32. Kg2 Qe2 33. Qe1 Qf3+ 34. Kh2
Nd3 35. Qe6+ Kg7 36. Ng4 Qxf1 37. Qxh6+ Kf7 38. Qe6+ Kg7 39. Qh6+ Kg8 40. Qg6+
Kh8 41. Qh6+ Kg8 42. Qg6+ Kh8 43. Qh6+ Kg8 44. Qg6+ Kh8 45. Qh6+ 1/2-1/2

[Event "Druzynowe Mistrzostwa Polski Juniorow 2018 - II Liga"]
[Site "Szczyrk"]
[Date "1899-12-30"]
[Round "1.37"]
[White "Kucharski, Bartlomiej"]
[Black "Sloniewski, Michal"]
[Result "1-0"]
[WhiteTitle "I"]
[BlackTitle "I"]
[WhiteElo "1861"]
[BlackElo "1806"]

1. e4 d5 2. exd5 Nf6 3. d4 Nxd5 4. c4 Nb6 5. Nf3 Bg4 6. c5 N6d7 7. Bc4 e6 8. Be3
Nc6 9. Nc3 Be7 10. h3 Bh5 11. Qd2 O-O 12. g4 Bg6 13. O-O-O a6 14. h4 h5 15. Rdg1
e5 16. dxe5 Ndxe5 17. Nxe5 Nxe5 18. Be2 Qxd2+ 19. Bxd2 Bd3 20. gxh5 Bxe2 21. Nxe2
Nd3+ 22. Kc2 Nxf2 23. Rh2 Ne4 24. Rhg2 Nxd2 25. Rxg7+ Kh8 26. Kxd2 Bxc5 27. R1g4
Be7 28. Rg2 Bf6 29. R7g4 Rg8 30. Rxg8+ Rxg8 31. Rf2 Bxb2 32. Rxf7 Rg7 33. Rf8+
Kh7 34. Nf4 Rd7+ 35. Kc2 Bg7 36. Rb8 c5 37. Rc8 Bd4 38. Ne6 b6 39. Nf8+ 1-0

[Event "Druzynowe Mistrzostwa Polski Juniorow 2018 - II Liga"]
[Site "Szczyrk"]
[Date "1899-12-30"]
[Round "1.38"]
[White "Lendzion, Kamil"]
[Black "Wolak, Kamil"]
[Result "0-1"]
[WhiteTitle "II+"]
[BlackTitle "II+"]
[WhiteElo "1663"]
[BlackElo "1579"]

1. e4 c6 2. d4 g6 3. Be3 Bg7 4. c4 d5 5. Nc3 dxe4 6. Nxe4 Bf5 7. Ng3 Be6 8. Nf3
Nf6 9. h3 Na6 10. Qd2 h5 11. Ng5 Nc7 12. Be2 h4 13. N3e4 Nxe4 14. Nxe4 Bf5 15.
Nc5 Ne6 16. Nb3 Nc7 17. Rd1 e6 18. Bf3 O-O 19. O-O f6 20. Na5 Rb8 21. Bf4 e5 22.
dxe5 Qxd2 23. Rxd2 fxe5 24. Be3 e4 25. Bg4 Bxg4 26. hxg4 Rf7 27. Bg5 Bf6 28. Bxf6
Rxf6 29. Rd7 b6 30. Nb3 Rf7 31. Rfd1 Rbf8 32. Rxf7 Rxf7 33. Rd6 Kg7 34. Rxc6 Na6
35. Re6 Nb4 36. Nc1 Rd7 37. Nb3 Rd1+ 38. Kh2 Nd3 39. g3 Nxf2 40. Kg2 h3+ 41. Kxf2
h2 42. Re7+ Kf6 43. Rh7 Qh1 44. Rxh1 Rxh1 45. c5 bxc5 46. Nxc5 Rh2+ 47. Ke3 Rxb2
48. a4 Ke5 49. Nd7+ Ke6 50. Nf8+ Kf7 51. Nd7 Rb4 52. a5 Ra4 53. Ne5+ Kf6 54. Nc6
Kg5 55. Nxa7 Rxa5 56. Nc6 Ra4 57. Ne5 Rb4 58. Nc6 Rc4 59. Ne5 Ra4 60. Kf2 Ra3
61. Nc4 Ra2+ 62. Ke3 Kxg4 63. Ne5+ Kf5 64. Nc4 Kg4 65. Ne5+ Kf5 66. Nc4 Rc2 67.
Nd6+ Kg4 68. Nxe4 Rb2 69. Kd3 Rb3+ 70. Ke2 Rxg3 71. Nxg3 Kxg3 72. Kf1 g5 73. Kg1
g4 74. Kh1 Kf2 0-1

[Event "Druzynowe Mistrzostwa Polski Juniorow 2018 - II Liga"]
[Site "Szczyrk"]
[Date "1899-12-30"]
[Round "1.39"]
[White "Mirowska, Oliwia"]
[Black "Zarebska, Lena"]
[Result "0-1"]
[WhiteTitle "I++"]
[BlackTitle "I++"]
[WhiteElo "1429"]
[BlackElo "1817"]

1. f4 d5 2. Nf3 Nf6 3. g3 e6 4. Bg2 c5 5. O-O Nc6 6. d3 Bd6 7. Qe1 Bc7 8. Na3 a6
9. c3 O-O 10. Nh4 Qe7 11. e4 dxe4 12. dxe4 e5 13. f5 b5 14. Nc2 h6 15. Ne3 Bd6
16. Nd5 Qd8 17. Be3 Bb7 18. Qd2 Kh7 19. Rad1 Be7 20. Qc2 Qa5 21. Nxe7 Nxe7 22.
Bxc5 Rfe8 23. a3 Nc6 24. Rd6 Rac8 25. Be3 Red8 26. Rfd1 Rxd6 27. Rxd6 b4 28. axb4
Nxb4 29. Qb3 Bxe4 30. Bxe4 Nxe4 31. Rxh6+ Kg8 32. Rb6 Nd5 33. c4 Qe1+ 34. Kg2
Nxe3+ 35. Kh3 Nf2# 0-1

[Event "Druzynowe Mistrzostwa Polski Juniorow 2018 - II Liga"]
[Site "Szczyrk"]
[Date "1899-12-30"]
[Round "1.40"]
[White "Libura, Julianna"]
[Black "Bartuzi, Krzysztof"]
[Result "1-0"]
[WhiteTitle "I"]
[BlackTitle "II"]
[WhiteElo "1540"]
[BlackElo "1200"]

1. e4 e6 2. d4 d5 3. Nd2 c5 4. Ngf3 Nc6 5. exd5 exd5 6. c3 Nf6 7. Be2 Bd6 8. O-O
O-O 9. dxc5 Bxc5 10. Nb3 Bb6 11. Bg5 Be6 12. Qc2 h6 13. Bh4 Qe7 14. Rad1 Rac8
15. Qb1 Bd8 16. Rfe1 Qc7 17. Bd3 Nh5 18. Nc5 Bxh4 19. Nxh4 Rfe8 20. Nxe6 fxe6
21. Bg6 Nf6 22. Bxe8 Rxe8 23. Qg6 Ne5 24. Qc2 Neg4 25. Nf3 Ne4 26. Rxe4 dxe4 27.
Qxe4 Nf6 28. Qe5 Qb6 29. b3 Qa6 30. a4 Qb6 31. Nd4 Nd7 32. Qb5 Qxb5 33. axb5 e5
34. Nf5 Nc5 35. b4 Ne4 36. c4 Nf6 37. c5 Re6 38. Nd6 Re7 39. Ra1 Nd5 40. Rxa7
Nxb4 41. c6 Nd5 42. cxb7 Rc7 43. Qb8+ Kh7 44. Rxc7 Nxc7 45. Qxc7 Kg6 46. Qf7+
Kh7 47. Nf5 Kh8 48. Qxg7# 1-0

[Event "Druzynowe Mistrzostwa Polski Juniorow 2018 - II Liga"]
[Site "Szczyrk"]
[Date "1899-12-30"]
[Round "1.41"]
[White "Wolak, Julia"]
[Black "Sloniewska, Alicja"]
[Result "0-1"]
[WhiteTitle "I"]
[BlackTitle "I"]
[WhiteElo "1265"]
[BlackElo "1409"]

1. e4 c6 2. Nc3 d5 3. d4 dxe4 4. Nxe4 Nd7 5. Nf3 Ngf6 6. Bd3 Nxe4 7. Bxe4 Nf6 8.
Bd3 Bg4 9. c3 e6 10. O-O Be7 11. h3 Bh5 12. Bc2 O-O 13. Re1 Qc7 14. Bg5 Rfd8 15.
Qe2 c5 16. g4 Bg6 17. Bxg6 hxg6 18. Rad1 Nd5 19. Bxe7 Nxe7 20. c4 cxd4 21. Nxd4
Qb6 22. Nf3 Nc6 23. b3 Qa5 24. Rd2 Rxd2 25. Qxd2 Qxd2 26. Nxd2 Rd8 27. Ne4 Nb4
28. Re2 b6 29. a3 Nc6 30. Kg2 Kf8 31. Rd2 Rxd2 32. Nxd2 Nd4 33. Kg3 g5 34. Kg2
Ke7 35. f3 f6 36. Kf2 Kd6 37. Ne4+ Ke5 38. Nd2 Nc2 39. a4 f5 40. Ke2 Kd4 41. Nb1
Na1 42. Nd2 a6 43. Kd1 Kc3 44. a5 Nc2 45. axb6 Nd4 46. b7 Nc6 47. Kc1 Kb4 48.
Kb2 Kc5 49. Kc3 a5 50. Nf1 Kb6 51. Ng3 g6 52. Ne2 Kxb7 53. Nd4 Nd8 54. Nb5 Kc6
55. Kd4 Nf7 56. Nc3 e5+ 57. Kd3 Kc5 58. Nd5 Kd6 59. b4 axb4 60. Nxb4 Nd8 61. Nd5
Nc6 62. Nf6 Nd4 63. Ke3 Kc5 64. Nd7+ Kd6 65. Nf8 Nc2+ 66. Ke2 Nd4+ 67. Kf2 Nc6
68. Nxg6 f4 69. h4 gxh4 70. Nxh4 Ke6 71. Ke2 Nd4+ 72. Kd3 Nc6 73. Ke4 Na5 74.
c5 Nb3 75. c6 Nc5# 0-1

[Event "Druzynowe Mistrzostwa Polski Juniorow 2018 - II Liga"]
[Site "Szczyrk"]
[Date "1899-12-30"]
[Round "1.42"]
[White "Anyz, Monika"]
[Black "Hals, Emilia"]
[Result "1/2-1/2"]
[WhiteTitle "I+"]
[BlackTitle "I"]
[WhiteElo "1423"]
[BlackElo "1243"]

1. e4 d5 2. exd5 Qxd5 3. Nc3 Qd6 4. d4 Nf6 5. Nf3 g6 6. Bc4 Bg7 7. O-O O-O 8. h3
b6 9. b3 Bb7 10. Nb5 Qd8 11. Bf4 Ne8 12. a4 a6 13. Nc3 Nd6 14. Be2 Nd7 15. Qd2
Nf6 16. Rad1 Nde4 17. Nxe4 Nxe4 18. Qe3 e6 19. c4 Qe7 20. Bd3 Nd6 21. Rfe1 Bxf3
22. Qxf3 Qf6 23. Be4 Rad8 24. Be5 Qxf3 25. Bxf3 Bxe5 26. dxe5 Nf5 27. Kf1 Nd4
28. Re3 Nxf3 29. Rxd8 Rxd8 30. Rxf3 Rd2 31. Ke1 Rb2 32. Rd3 Kf8 33. g3 h5 34.
h4 Ke7 35. Kf1 Ke8 36. Kg2 Ke7 37. Kf3 f6 38. exf6+ Kxf6 39. Ke3 Kf5 40. Rc3 e5
41. Kf3 e4+ 42. Ke3 c5 43. f3 exf3 44. Kxf3 Ke5 45. Rd3 1/2-1/2

[Event "Druzynowe Mistrzostwa Polski Juniorow 2018 - II Liga"]
[Site "Szczyrk"]
[Date "1899-12-30"]
[Round "1.43"]
[White "Kawalko, Adam"]
[Black "Krupinski, Mikolaj"]
[Result "1-0"]
[WhiteTitle "I"]
[BlackTitle "II"]
[WhiteElo "1751"]
[BlackElo "1531"]

1. e4 c5 2. Nf3 Nc6 3. d4 cxd4 4. Nxd4 Nf6 5. Nc3 d6 6. Bg5 e6 7. Qd2 a6 8. O-O-O
Bd7 9. f3 h6 10. Be3 Be7 11. g4 Qc7 12. h4 O-O-O 13. Be2 Na5 14. g5 Nh5 15. Rhg1
Nc4 16. Bxc4 Qxc4 17. f4 hxg5 18. hxg5 g6 19. f5 gxf5 20. exf5 exf5 21. b3 Qb4
22. Nd5 Qxd2+ 23. Bxd2 Rde8 24. Nb6+ Kc7 25. Nxd7 Kxd7 26. Nxf5 Ke6 27. Rgf1 Rhg8
28. Nd4+ Kd7 29. Rxf7 Ref8 30. Rh7 Nf4 31. Bxf4 Rxf4 32. Re1 Rxd4 33. Rexe7+ Kc6
34. Rc7+ Kd5 35. Rhe7 Rg4 36. Rxb7 R8xg5 37. Ra7 Re5 38. Rxe5+ dxe5 39. Rxa6 Rg1+
40. Kd2 Rg2+ 41. Kc3 Rg3+ 42. Kb2 e4 43. c4+ Kd4 44. Rd6+ Ke3 45. c5 Rg2+ 46.
Ka3 Rc2 47. b4 Kf2 48. Kb3 Rc1 49. a4 e3 50. a5 Rh1 51. Re6 e2 52. Ka4 Rh6 53.
Rxe2+ Kxe2 54. Kb5 Kd3 55. a6 Kd4 56. a7 Rh8 57. Kb6 Kd5 58. c6 Kd6 59. b5 Rg8
60. c7 Rc8 61. Ka6 Kxc7 62. b6+ Kc6 63. b7 Re8 64. Qb8 Re1 65. Qa8+ Kc5 66. Qb5+
Kd6 67. Qb4+ Kc7 68. Qab7+ Kd8 69. Qf8+ 1-0

[Event "Druzynowe Mistrzostwa Polski Juniorow 2018 - II Liga"]
[Site "Szczyrk"]
[Date "1899-12-30"]
[Round "1.44"]
[White "Owoc, Jakub"]
[Black "Dytman, Radoslaw"]
[Result "1/2-1/2"]
[WhiteTitle "II"]
[BlackTitle "I"]
[WhiteElo "1511"]
[BlackElo "1728"]

1. e4 e5 2. Nf3 Nc6 3. d4 exd4 4. Nxd4 Nf6 5. Nxc6 bxc6 6. e5 Qe7 7. Qe2 Nd5 8.
c4 Nb6 9. Nc3 Qe6 10. Qe4 Bb4 11. Bd2 a5 12. Bd3 Ba6 13. b3 d5 14. exd6 cxd6 15.
O-O Qxe4 16. Bxe4 d5 17. Bf3 O-O 18. Rfc1 dxc4 19. Bxc6 Rac8 20. Bf3 Rfd8 21.
Be1 Rc7 22. bxc4 Ba3 23. Rd1 Re8 24. Nd5 Nxd5 25. Bxa5 Rxc4 26. Bxd5 Rc5 27. Bb6
Rc2 28. Re1 Rb8 29. Be3 Rd8 30. Rad1 Rdc8 31. Bb3 R2c6 32. Rd7 Bc4 33. g3 Bxb3
34. axb3 Rc3 35. Rb7 R3c7 36. Rb5 f6 37. Ra1 Bb2 38. Ra2 Be5 39. Raa5 Kf7 40.
Bc5 Rd7 41. b4 Rcd8 42. Ra7 Ke6 43. Ra6+ Kf7 44. Rc6 g5 45. Ra5 g4 46. b5 Rd1+
47. Kg2 Rb1 48. Ra7+ Kg6 49. h3 h5 50. Ra2 Rdd1 51. hxg4 hxg4 52. f4 gxf3+ 53.
Kxf3 Rxb5 54. Re2 Rb3+ 55. Be3 Rdd3 56. Rc4 f5 57. Rc6+ Rd6 58. Rc8 Kf7 59. Rc7+
Kf6 60. Rh7 Rdd3 61. Rh6+ Kf7 62. Rh5 Ke6 63. Rh6+ Kf7 64. Rh7+ Kg6 65. Rh6+ Kg7
66. Re6 Bf6 67. Kg2 Kf7 68. Bf4 Rb7 69. Rc6 Rbd7 70. Ree6 Bg7 71. Kh3 Rc3 72.
Rxc3 Kxe6 73. Rc6+ Kf7 74. Rc5 Ke6 75. Kh4 Bf6+ 76. Kh5 Rh7+ 77. Kg6 Rg7+ 78.
Kh6 Rg4 79. Rc6+ Kf7 80. Rc7+ Ke6 81. Rc6+ 1/2-1/2

[Event "Druzynowe Mistrzostwa Polski Juniorow 2018 - II Liga"]
[Site "Szczyrk"]
[Date "1899-12-30"]
[Round "1.45"]
[White "Topola, Rafal"]
[Black "Wiszniewski, Szymon"]
[Result "1-0"]
[WhiteTitle "I"]
[BlackTitle "II"]
[WhiteElo "1570"]
[BlackElo "1257"]

1. e4 c5 2. Nf3 d6 3. d4 cxd4 4. Nxd4 Nf6 5. Nc3 a6 6. Be2 e5 7. Nb3 Be7 8. O-O
O-O 9. Bg5 Be6 10. Bxf6 Bxf6 11. Nd5 Bxd5 12. Qxd5 Qc7 13. Rfd1 Rd8 14. Rd3 Qxc2
15. Bh5 Qc7 16. Rc1 Nc6 17. Rf3 Qe7 18. Na5 Nxa5 19. Qxa5 Rac8 20. Rfc3 Rxc3 21.
Rxc3 g6 22. Bg4 Bg7 23. Rc7 Qg5 24. Qd5 Qf6 25. Rxb7 h5 26. Be2 Rc8 27. Bc4 Kh8
28. g3 Qg5 29. b3 f5 30. Qe6 Rf8 31. exf5 gxf5 32. Qxd6 h4 33. Qe7 Qxe7 34. Rxe7
hxg3 35. hxg3 f4 36. Bxa6 f3 37. Bb7 Kh7 38. Rd7 Kg6 39. Rd3 Kf5 40. Rxf3+ Kg4
41. Rd3 Kf5 42. f3 Bf6 43. a4 Rd8 44. Rxd8 Bxd8 45. b4 Be7 46. b5 Bb4 47. Kf2
Ba5 48. Ke3 Be1 49. g4+ Kf6 50. Ke4 Ba5 51. Kd5 Bd8 52. Kc5 Ke6 53. b6 Kd7 54.
a5 Be7+ 55. Kb5 e4 56. fxe4 Bf6 57. a6 Bd8 58. a7 Be7 59. Qa8 Kd6 60. Qb8+ Kd7
61. Qc8+ Kd6 62. Qc5+ Kd7 63. Qd5+ Bd6 64. Bc8+ Ke8 1-0

[Event "Druzynowe Mistrzostwa Polski Juniorow 2018 - II Liga"]
[Site "Szczyrk"]
[Date "1899-12-30"]
[Round "1.46"]
[White "Bar, Klaudia"]
[Black "Nowak, Filip"]
[Result "1-0"]
[WhiteTitle "I"]
[BlackTitle "II+"]
[WhiteElo "1478"]
[BlackElo "1595"]

1. e4 c5 2. Nf3 e6 3. b3 d5 4. exd5 exd5 5. Bb2 Nf6 6. d4 Be6 7. Bd3 b6 8. O-O
Be7 9. dxc5 bxc5 10. Nbd2 Nc6 11. c4 d4 12. Re1 O-O 13. Ne4 Qc7 14. Bc1 h6 15.
Qe2 Rfe8 16. Ng3 Bd6 17. Bd2 Bxc4 18. Qf1 Bxd3 19. Qxd3 Nd5 20. Ne4 Ncb4 21. Qc4
Nb6 22. Qf1 Nc2 23. Nxd6 Nxe1 24. Nxe8 Nxf3+ 25. gxf3 Rxe8 26. Rc1 Qc6 27. Qd3
Re5 28. Qxd4 cxd4 29. Rxc6 Re2 30. Ba5 d3 31. Rd6 Rxa2 32. Bxb6 axb6 33. Rxd3
Rb2 34. Kf1 f6 35. f4 Kf7 36. f5 b5 37. Kg2 h5 38. h4 Ke7 39. Kg3 Rc2 40. f3 Rc5
41. Kf4 Re5 42. Rc3 Kd6 43. Rc8 Kd5 44. Rc7 Kd4 45. Rxg7 Kc3 46. Rg6 Kxb3 47.
Rxf6 Rc5 48. Re6 b4 49. f6 Rc8 50. Kg5 Kc2 51. Rb6 b3 52. Kxh5 b2 53. Kg6 Qb1
54. Rxb1 Kxb1 55. f7 1-0